1039 1110 1233 1847 1389 1763 1427 1337 1383 1702 1706 1843 1944 1987 1217 1943 1335 1763 1405 1788 1768 1609 1285 1526 1544 1770 1803 1025 1615 1355 1452 1088 1350 1357 1460 1549 1694 1423 1104 1648 1176 1898 1030 1726 1936 1478 1378 1175 1417 1483 1676 1105 1190 1350 1477 1943 1415 1634 1763 1091 1440 1085 1135 1547 1793 1430 1062 1840 1063 1547 1186 1194 1329 1047 1187 1791 1707 1446 1137 1394 1024 1398 1359 1340 1426 1964 1376 1214 1986 1799 1400 1801 1465 1949 1241 1532 1166 1352 1166 BCNSPRNW ULIB Ver.6.0+V

เปลี่ยนเป็นภาษาไทย

Change to English
 แสดงรายละเอียดบรรณานุกรม
  กลับหน้าหลัก

Brief Record : Get Marc (ISO 2709) : E-mail record : QR code < ปิดหน้าต่าง
LEADER : 00000nam 2200000uu 4500
001    13399109556
003     ULIB
008    110405s2551||||th 000 0 tha d
020    9741332652(ล.1)
060 04 WB330^bร784ก ล.1 2551
100 0  เรวดี ธรรมอุปกรณ์
245 10 ใช้ยา-ต้องรู้ เล่ม1/^cเรวดี ธรรมอุปกรณ์, สาริณีย์ กฤติยานันต์
250    พิมพ์ครั้งที่ 8
260    กรุงเทพฯ :^bสำนักพิมพ์แห่งจุฬาลงกรณ์มหาวิทยาลัย,^c2551
300    304 หน้า ;^c21 ซม.
440  0 ชุดความรู้เพื่อชุมชน ;^vเล่มที่ 42
504    มีบรรณานุกรมและดัชนี
650  7 การใช้ยา
700 0  สาริณีย์ กฤติยานันต์
945    ^p150^l0^i023964
945    ^p150^l0^i023963
995    ทศพร
999 ^a ใช้งานได้ทุกระบบ
รายการนี้ยังไม่มีแท็ก
คุณยังไม่ได้ล็อกอิน คุณสามารถมีกิจกรรมร่วมกับเว็บไซต์ได้ แต่ต้องล็อกอินก่อน ::
  ล็อกอิน

รายการสื่อสารสนเทศ

ลำดับที่ ประเภท เลขเรียก/บาร์โค้ด สถานที่ สถานะ
- ไม่พบข้อมูล -

รายการใกล้เคียง
    ผู้แต่ง [เรวดี ธรรมอุปกรณ์]

    หัวเรื่อง [การใช้ยา]

BibComment


ยังไม่เคยถูกคอมเมนท์

คอมเมนท์ทรัพยากรรายการนี้
  คอมเมนท์: ใช้ยาต้องรู้ เล่ม..


 Copyright 2026. Bcnsprnw @Library